| 000 | 00933nam a22003017a 4500 | ||
|---|---|---|---|
| 003 | CHAP | ||
| 005 | 20220329135139.0 | ||
| 008 | 971013s1980 r 00010 d | ||
| 010 | _a31675 | ||
| 011 | _a32647 | ||
| 035 | _a36762 | ||
| 040 | _cCHAP | ||
| 082 |
_a547 _bN4Y |
||
| 100 | 0 | 0 |
_aNeckers, Douglas C. _980674 |
| 245 | _aQuímica orgánica | ||
| 260 |
_aMéxico, D. F. : _bCECSA, _c1980 |
||
| 300 |
_a1244 p. _b: ilus. |
||
| 590 |
_aBATCH-UPD _b10 _c20130110 _lUCH01 _h1204 |
||
| 590 |
_aBATCH-UPD _b10 _c20130410 _lUCH01 _h0745 |
||
| 590 |
_aBATCH-UPD _b10 _c20130914 _lUCH01 _h1220 |
||
| 590 |
_aCONVERSION _b10 _c20130109 _lUCH01 _h1318 |
||
| 650 | 1 | 4 |
_aQuímica orgánica. _993598 |
| 700 | 0 |
_aDoyle, Michael P. _934139 |
|
| 901 | _aBK | ||
| 942 | _cLIBRO | ||
| 949 |
_a547 N4Y _bBC _cLIBRO _d33724000443602 _eLIBRO _h50999 _i36762 _si _t500.00 |
||
| 949 |
_a547 N4Y _bBC _cLIBRO _d33724000885240 _eLIBRO _fc.2 _h51000 _i36762 _si _t500.00 |
||
| 999 |
_c31675 _d31675 |
||